书目信息 |
| 题名: |
一本书学会合理避税
|
|
| 作者: | 帕兰 , 墨菲 , 肖瓦尼奥 著 ;李芳龄 译 | |
| 分册: | ||
| 出版信息: | 南京 译林出版社 2015.05 |
|
| 页数: | 17,273页 | |
| 开本: | 22cm | |
| 丛书名: | ||
| 单 册: | ||
| 中图分类: | F810.423 | |
| 科图分类: | ||
| 主题词: | 避税--基本知识 | |
| 电子资源: | ||
| ISBN: | 978-7-5447-5029-5 | |
| 000 | 01222nam0 2200289 450 | |
| 001 | 0120151533534 | |
| 005 | 20160901150029.75 | |
| 010 | @a978-7-5447-5029-5@dCNY28.00 | |
| 100 | @a20150514d2015 em y0chiy50 ea | |
| 101 | 1 | @achi@ceng@cfre |
| 102 | @aCN@b320000 | |
| 105 | @ak z 000yy | |
| 106 | @ar | |
| 200 | 1 | @a一本书学会合理避税@9yi ben shu xue hui he li bi shui@dTax havens@f(英)罗内·帕兰(Ronen Palan),(英)理查德·墨菲(Richard Murphy),(法)克里斯蒂安·肖瓦尼奥(Christian Chavagneux)著@g李芳龄译@zeng |
| 210 | @a南京@c译林出版社@d2015.05 | |
| 215 | @a17,273页@d22cm | |
| 330 | @a在世界上,有着这样一些地方,那儿提供各种意想不到的税收优惠;来自世界各地的钱悄悄地消失在了这些区域,仿佛飞机在百慕大三角失踪。这些地方被称为“逃税天堂”。本书带领我们接触它、认识它,公平地共享全球化时代的利益。 | |
| 333 | @a财经爱好者 | |
| 510 | 1 | @aTax havens@zeng |
| 606 | 0 | @a避税@x基本知识 |
| 690 | @aF810.423@v5 | |
| 701 | 0 | @c(英)@a帕兰@9pa lan@c(Palan, Ronen)@4著 |
| 701 | 0 | @c(英)@a墨菲@9mo fei@c(Murphy, Richard)@4著 |
| 701 | 0 | @c(法)@a肖瓦尼奥@9xiao wa ni ao@c(Chavagneux, Christian)@4著 |
| 702 | 0 | @a李芳龄@9li fang ling@4译 |
| 801 | 0 | @aCN@b人天书店@c20150514 |
| 905 | @b880658-63@dF810.423@e72@f6 | |
| 一本书学会合理避税=Tax havens/(英)罗内·帕兰(Ronen Palan),(英)理查德·墨菲(Richard Murphy),(法)克里斯蒂安·肖瓦尼奥(Christian Chavagneux)著/李芳龄译.-南京:译林出版社,2015.05 |
| 17,273页;22cm |
| 使用对象:财经爱好者 |
| ISBN 978-7-5447-5029-5:CNY28.00 |
| 在世界上,有着这样一些地方,那儿提供各种意想不到的税收优惠;来自世界各地的钱悄悄地消失在了这些区域,仿佛飞机在百慕大三角失踪。这些地方被称为“逃税天堂”。本书带领我们接触它、认识它,公平地共享全球化时代的利益。 |
| ● |
| 相关链接 |
|
|
|
|
正题名:一本书学会合理避税
索取号:F810.423/72
 
预约/预借
| 序号 | 登录号 | 条形码 | 馆藏地/架位号 | 状态 | 备注 |
| 1 | 880658 | 208806586 | 第一样本阅览室/ [索取号:F810.423/72] | 在馆 | |
| 2 | 880659 | 208806595 | 教育系资料室/ [索取号:F810.423/72] | 在馆 | |
| 3 | 880660 | 208806602 | 教育系资料室/ [索取号:F810.423/72] | 在馆 | |
| 4 | 880661 | 208806611 | 教育系资料室/ [索取号:F810.423/72] | 在馆 | |
| 5 | 880662 | 208806620 | 第一借阅区/ [索取号:F810.423/72] | 在馆 | |
| 6 | 880663 | 208806639 | 第一借阅区/ [索取号:F810.423/72] | 在馆 |